|
|
|
|
| LEADER |
00000nam a22000007a 4500 |
| 005 |
2021070205515.0 |
| 007 |
cr|||| |||| |
| 008 |
210702s2015 co |||||s|||| 00||0 spa d |
| 020 |
|
|
|a 978-958-762-403-8
|
| 035 |
|
|
|a 33426
|
| 040 |
|
|
|a vLex
|
| 090 |
|
|
|c 11838
|d 11838
|
| 245 |
0 |
0 |
|a Psicologa̕ empresarial y Comunicacin̤
|h [Recurso electrn̤ico] /
|
| 256 |
|
|
|a Servicio en ln̕ea
|
| 260 |
|
|
|a Bogot:̀
|b Ediciones de la U,
|c 2015
|
| 300 |
|
|
|a 1 recurso electrn̤ico
|
| 500 |
|
|
|a La funcin̤ de Recursos Humanos es, posiblemente, la ms̀ transversal de todas las funciones de la empresa, o lo que es lo mismo, influye, o debera̕ influir en todas las dems̀, apoyǹdolas o ayudǹdolas en la consecucin̤ de sus objetivos y, en definitiva, contribuyendo a la creacin̤ de valor a travš de los resultados de la empresa.
|
| 506 |
1 |
|
|a Disponible solo en los productos indicados
|d vLex Global
|d vLex Global (Academic Edition, excluding Law Schools)
|d vLex Global (U.S. Academic Edition, Law Schools)
|d vLex Global (U.S. Academic Edition, excluding Law Schools)
|d vLex Global (Academic Edition, Law Schools)
|
| 650 |
0 |
4 |
|a Administracin̤ (Management)
|z Colombia
|
| 740 |
0 |
|
|a vLex Libros (Servicio en ln̕ea)
|
| 856 |
4 |
0 |
|u https://vlex.com/source/psicologia-empresarial-y-comunicacion-33426
|z Acceso restringido
|
| 942 |
|
|
|c BOOK
|
| 999 |
0 |
|
|a Management
|